Pays avec un nom comportant le plus de A, de E etc. - Statistiques

Statistiques générales
  • Ce quiz a été pris 141 fois
    108 depuis la dernière actualisation
  • Le résultat moyen est 94 sur 132
Statistiques - réponses
Hint Réponse % Correct
3A Canada
95%
2A Australie
90%
2E & 2O Corée-du-Nord
87%
2E Espagne
87%
2A & 2E Allemagne
85%
2E & 2U Corée-du-Sud
85%
3U Uruguay
85%
3A Panama
84%
2O RD Congo
84%
3A Afghanistan
82%
3A & 2E Arabie saoudite
82%
2O Colombie
82%
4E Nouvelle-Zélande
82%
2E Algérie
81%
2I Chili
81%
2E Estonie
81%
2I Lituanie
81%
2E Argentine
79%
2I Biélorussie
79%
2E & 2I Indonésie
79%
3A Kazakhstan
79%
3A Paraguay
79%
3U Afrique-du-Sud
77%
3A 2E & 2I Emirats arabes unis
77%
2E Lettonie
77%
2A Pakistan
77%
2E Suède
77%
3E Venezuela
77%
3A Azerbaidjan
76%
2E Belgique
76%
2I Bolivie
76%
2E Egypte
76%
2E Guinée
76%
4A Madagascar
76%
2A Ouganda
76%
2A Vatican
76%
4E 2I & 2O Bosnie-Herzégovine
74%
2E Géorgie
74%
2A 4E 2I & 2U Guinée équatoriale
74%
3O Kosovo
74%
2U Luxembourg
74%
2E Mexique
74%
2E Norvège
74%
2A Pays-Bas
74%
2O Pologne
74%
3E 4I & 2U République dominicaine
74%
2U Royaume-Uni
74%
2E Sénégal
74%
2A Tanzanie
74%
2A Thaïlande
74%
2A Angola
73%
2E Arménie
73%
2A Costa Rica
73%
2E & 2U Equateur
73%
3E Erythrée
73%
2E Grèce
73%
3A Guatemala
73%
2A Jamaïque
73%
2E & 2O Macédoine du Nord
73%
2A & 2I Malaisie
73%
2E & 2O Monténégro
73%
2I Namibie
73%
2E Slovénie
73%
2A & 2I Tadjikistan
73%
2E Tchéquie
73%
2I Tunisie
73%
2A Albanie
71%
2O Congo
71%
2A Danemark
71%
3E & 2I Liechtenstein
71%
2A & 2I Saint-Marin
71%
2A 5E & 3I Saint-Vincent-et-les-Grenadines
71%
2A Botswana
69%
2E Centrafrique
69%
2E 2I & 2U Guinée Bissau
69%
2I Italie
69%
2A & 2I Mauritanie
69%
2O Mongolie
69%
3A Nicaragua
69%
2A 5E 2I 2O & 3U Papouasie-Nouvelle-Guinée
69%
2A Qatar
69%
4E & 3I Saint-Christophe-et-Niévès
69%
3A Bahamas
68%
2E 2I & 2O Côte d'ivoire
68%
2E Ethiopie
68%
2A Guyana
68%
2I Haïti
68%
3A Kirghizistan
68%
2E & 2I Micronésie
68%
2O Monaco
68%
2A Palaos
68%
2A Rwanda
68%
2E Yémen
68%
4A & 2U Antigua-et-Barbuda
66%
2A Ghana
66%
2I Nigeria
66%
3E Seychelles
66%
3U Soudan-du-Sud
66%
2O Togo
66%
2U Tuvalu
66%
2I Birmanie
65%
2U Burundi
65%
2I Dominique
65%
2I Fidji
65%
2O Lesotho
65%
2E & 2I Sainte-Lucie
65%
2A Salvador
65%
2A Samoa
65%
2A Burkina Faso
63%
3A Kiribati
63%
2E 2I & 2O Trinité-et-Tobago
63%
2U Turquie
63%
2A & 2U Vanuatu
63%
2A Bangladesh
61%
2A Barbade
61%
2I Djibouti
61%
2I Eswatini
61%
3I Philippines
61%
2E Serbie
61%
2A Taïwan
61%
2E Belize
60%
2O Comores
60%
2A Sri Lanka
60%
2O Salomon
58%
3E 2I & 2O Sao Tome et Principe
58%
3E Sierra Leone
58%
2A Marshall
56%
2U Nauru
56%
2E Grenade
55%
2A Malawi
55%
2I Liberia
53%
2I & 2O Timor oriental
47%
Aucun quiz correspondant
Distribution des résultats
% des personnes avec chaque résultat
Percentile par nombre de réponses
Votre historique - résultats
Vous n’avez pas pris ce quiz depuis la dernière actualisation